000 00939nab a2200193 i 4500
001 768714001
003 CO-MdFUSB
005 20240506102619.0
008 240430t1965 sp ||||| |||| 00| 0 spa d
040 _bspa
_cCO-MdFUSB
_dCO-MdFUSB
041 _aspa
100 _aLescrauwaet, Josephus Franciscus,
_eautor
245 4 _aLas iglesias reformadas
_c/ Josephus Franciscus Lescrauwaet
520 _aEs un recorrido por las diferentes iglesias reformadas, en el cual se detalla el tipo de iglesia, estructura de la comunidad, su distribución y su espiritualidad. Se distingue algunos tipos como luterano, calvinista, anglicano, las sectas, entre otros.
650 0 _aHistoria de la Iglesia
_9153
773 0 _049450
_982564
_oR2496
_tRevista internacional de teología Concilium
_w(CO-MdFUSB)8
_x0210-1041
_gNúmero 6, (junio, 1965), páginas: 129 - 144
_qpágina: 129
942 _cANA
945 _aCatherine Arias Álvarez practicante SENA
999 _c69460
_d69460